Balanced scorecard step-by-step : (Record no. 343661)
[ view plain ]
| 000 -LEADER | |
|---|---|
| fixed length control field | 00956 a2200205 4500 |
| 020 ## - INTERNATIONAL STANDARD BOOK NUMBER | |
| International Standard Book Number | 0471078727 |
| 020 ## - INTERNATIONAL STANDARD BOOK NUMBER | |
| International Standard Book Number | 9780471078722 |
| 082 04 - DEWEY DECIMAL CLASSIFICATION NUMBER | |
| Classification number | 658.4013 |
| 090 ## - LOCALLY ASSIGNED LC-TYPE CALL NUMBER (OCLC); LOCAL CALL NUMBER (RLIN) | |
| -- | 1131 |
| -- | 1131 |
| 100 1# - MAIN ENTRY--PERSONAL NAME | |
| Personal name | Niven, Paul R. |
| 245 10 - TITLE STATEMENT | |
| Title | Balanced scorecard step-by-step : |
| Remainder of title | maximizing performance and maintaining results / |
| Statement of responsibility, etc. | Paul R. Niven. |
| 250 ## - EDITION STATEMENT | |
| Edition statement | 1st ed. |
| 260 ## - PUBLICATION, DISTRIBUTION, ETC. | |
| Place of publication, distribution, etc. | [S.l.] : |
| Name of publisher, distributor, etc. | Wiley, |
| Date of publication, distribution, etc. | 2002. |
| 300 ## - PHYSICAL DESCRIPTION | |
| Extent | 334 p. ; |
| Dimensions | 24 cm. |
| 500 ## - GENERAL NOTE | |
| General note | Hardcover. |
| 520 ## - SUMMARY, ETC. | |
| Summary, etc. | Niven shares his extensive experience in developing Balanced Scorecards for Fortune 1000, public sector, and not-for-profit organizations. He provides insight on and practical solutions for developing performance objectives and measures that faithfully translate strategy. |
| 856 40 - ELECTRONIC LOCATION AND ACCESS | |
| Materials specified | Amazon.com |
| Uniform Resource Identifier | <a href="http://www.amazon.com/exec/obidos/ASIN/0471078727/chopaconline-20">http://www.amazon.com/exec/obidos/ASIN/0471078727/chopaconline-20</a> |
| 856 40 - ELECTRONIC LOCATION AND ACCESS | |
| Materials specified | Amazon customer reviews |
| Uniform Resource Identifier | <a href="http://www.chopac.org/cgi-bin/tools/azrev.pl?q=0471078727">http://www.chopac.org/cgi-bin/tools/azrev.pl?q=0471078727</a> |
| 942 ## - ADDED ENTRY ELEMENTS (KOHA) | |
| Institution code [OBSOLETE] | NBS |
| Koha item type | Book |
| Call number prefix | 352.357 NIV |
| Withdrawn status | Lost status | Damaged status | Not for loan | Permanent Location | Current Location | Date acquired | Total Checkouts | Full call number | Barcode | Date last seen | Date last checked out | Price effective from | Koha item type |
|---|---|---|---|---|---|---|---|---|---|---|---|---|---|
| Central Library (CL) | Central Library (CL) | 08/28/2013 | 1 | 352.357 NIV | NBS5769 | 11/23/2017 | 08/22/2017 | 08/28/2013 | Book | ||||
| Central Library (CL) | Central Library (CL) | 08/28/2013 | 1 | 352.357 NIV | NBS5770 | 11/24/2015 | 11/17/2015 | 08/28/2013 | Book |
